<?xml version="1.0" encoding="UTF-8"?>
<record
    xmlns:xsi="http://www.w3.org/2001/XMLSchema-instance"
    xsi:schemaLocation="http://www.loc.gov/MARC21/slim http://www.loc.gov/standards/marcxml/schema/MARC21slim.xsd"
    xmlns="http://www.loc.gov/MARC21/slim">

  <leader>00353nam a2200157Ia 4500</leader>
  <controlfield tag="003">OSt</controlfield>
  <controlfield tag="005">20240123100212.0</controlfield>
  <controlfield tag="008">170524s9999    xx            000 0 und d</controlfield>
  <datafield tag="020" ind1=" " ind2=" ">
    <subfield code="a">978-9389702163</subfield>
  </datafield>
  <datafield tag="040" ind1=" " ind2=" ">
    <subfield code="c">IIMT</subfield>
  </datafield>
  <datafield tag="100" ind1=" " ind2=" ">
    <subfield code="a">Ahuja</subfield>
  </datafield>
  <datafield tag="245" ind1=" " ind2="0">
    <subfield code="a">Systematic Approach to Income Tax</subfield>
  </datafield>
  <datafield tag="260" ind1=" " ind2=" ">
    <subfield code="b">Bharat Law house</subfield>
  </datafield>
  <datafield tag="260" ind1=" " ind2=" ">
    <subfield code="c">2006</subfield>
  </datafield>
  <datafield tag="942" ind1=" " ind2=" ">
    <subfield code="2">ddc</subfield>
    <subfield code="c">02</subfield>
  </datafield>
  <datafield tag="999" ind1=" " ind2=" ">
    <subfield code="c">6276</subfield>
    <subfield code="d">6276</subfield>
  </datafield>
  <datafield tag="952" ind1=" " ind2=" ">
    <subfield code="0">0</subfield>
    <subfield code="1">0</subfield>
    <subfield code="2">ddc</subfield>
    <subfield code="4">0</subfield>
    <subfield code="7">0</subfield>
    <subfield code="a">01</subfield>
    <subfield code="b">01</subfield>
    <subfield code="d">2017-06-01</subfield>
    <subfield code="o">R</subfield>
    <subfield code="p">01-B-64324</subfield>
    <subfield code="r">2017-06-01</subfield>
    <subfield code="u">INCOME TAX</subfield>
    <subfield code="w">2017-06-01</subfield>
    <subfield code="y">02</subfield>
    <subfield code="z">management departmental library books update march 2019</subfield>
  </datafield>
  <datafield tag="952" ind1=" " ind2=" ">
    <subfield code="0">0</subfield>
    <subfield code="1">0</subfield>
    <subfield code="2">ddc</subfield>
    <subfield code="4">0</subfield>
    <subfield code="7">0</subfield>
    <subfield code="a">01</subfield>
    <subfield code="b">01</subfield>
    <subfield code="d">2017-06-01</subfield>
    <subfield code="p">01-B-64325</subfield>
    <subfield code="r">2017-06-01</subfield>
    <subfield code="u">INCOME TAX</subfield>
    <subfield code="w">2017-06-01</subfield>
    <subfield code="y">02</subfield>
  </datafield>
  <datafield tag="952" ind1=" " ind2=" ">
    <subfield code="0">0</subfield>
    <subfield code="1">0</subfield>
    <subfield code="2">ddc</subfield>
    <subfield code="4">0</subfield>
    <subfield code="7">0</subfield>
    <subfield code="a">01</subfield>
    <subfield code="b">01</subfield>
    <subfield code="d">2017-06-01</subfield>
    <subfield code="p">01-B-64326</subfield>
    <subfield code="r">2017-06-01</subfield>
    <subfield code="u">INCOME TAX</subfield>
    <subfield code="w">2017-06-01</subfield>
    <subfield code="y">02</subfield>
  </datafield>
  <datafield tag="952" ind1=" " ind2=" ">
    <subfield code="0">0</subfield>
    <subfield code="1">0</subfield>
    <subfield code="2">ddc</subfield>
    <subfield code="4">0</subfield>
    <subfield code="7">0</subfield>
    <subfield code="a">01</subfield>
    <subfield code="b">01</subfield>
    <subfield code="d">2017-06-01</subfield>
    <subfield code="p">01-B-64327</subfield>
    <subfield code="r">2017-06-01</subfield>
    <subfield code="u">INCOME TAX</subfield>
    <subfield code="w">2017-06-01</subfield>
    <subfield code="y">02</subfield>
  </datafield>
  <datafield tag="952" ind1=" " ind2=" ">
    <subfield code="0">0</subfield>
    <subfield code="1">0</subfield>
    <subfield code="2">ddc</subfield>
    <subfield code="4">0</subfield>
    <subfield code="7">0</subfield>
    <subfield code="a">01</subfield>
    <subfield code="b">01</subfield>
    <subfield code="d">2017-06-01</subfield>
    <subfield code="l">1</subfield>
    <subfield code="p">01-B-64328</subfield>
    <subfield code="r">2020-01-15</subfield>
    <subfield code="s">2019-09-27</subfield>
    <subfield code="u">INCOME TAX</subfield>
    <subfield code="w">2017-06-01</subfield>
    <subfield code="y">02</subfield>
  </datafield>
  <datafield tag="952" ind1=" " ind2=" ">
    <subfield code="0">0</subfield>
    <subfield code="1">0</subfield>
    <subfield code="2">ddc</subfield>
    <subfield code="4">0</subfield>
    <subfield code="7">0</subfield>
    <subfield code="a">01</subfield>
    <subfield code="b">01</subfield>
    <subfield code="d">2017-06-01</subfield>
    <subfield code="p">01-B-64329</subfield>
    <subfield code="r">2017-06-01</subfield>
    <subfield code="u">INCOME TAX</subfield>
    <subfield code="w">2017-06-01</subfield>
    <subfield code="y">02</subfield>
  </datafield>
  <datafield tag="952" ind1=" " ind2=" ">
    <subfield code="0">0</subfield>
    <subfield code="1">0</subfield>
    <subfield code="2">ddc</subfield>
    <subfield code="4">0</subfield>
    <subfield code="7">0</subfield>
    <subfield code="a">01</subfield>
    <subfield code="b">01</subfield>
    <subfield code="d">2017-06-01</subfield>
    <subfield code="p">01-B-64330</subfield>
    <subfield code="r">2017-06-01</subfield>
    <subfield code="u">INCOME TAX</subfield>
    <subfield code="w">2017-06-01</subfield>
    <subfield code="y">02</subfield>
  </datafield>
  <datafield tag="952" ind1=" " ind2=" ">
    <subfield code="0">0</subfield>
    <subfield code="1">0</subfield>
    <subfield code="2">ddc</subfield>
    <subfield code="4">0</subfield>
    <subfield code="7">0</subfield>
    <subfield code="a">01</subfield>
    <subfield code="b">01</subfield>
    <subfield code="d">2017-06-01</subfield>
    <subfield code="p">01-B-64331</subfield>
    <subfield code="r">2017-06-01</subfield>
    <subfield code="u">INCOME TAX</subfield>
    <subfield code="w">2017-06-01</subfield>
    <subfield code="y">02</subfield>
  </datafield>
  <datafield tag="952" ind1=" " ind2=" ">
    <subfield code="0">0</subfield>
    <subfield code="1">0</subfield>
    <subfield code="2">ddc</subfield>
    <subfield code="4">0</subfield>
    <subfield code="7">0</subfield>
    <subfield code="a">01</subfield>
    <subfield code="b">01</subfield>
    <subfield code="d">2017-06-01</subfield>
    <subfield code="l">1</subfield>
    <subfield code="p">01-B-64332</subfield>
    <subfield code="r">2020-03-02</subfield>
    <subfield code="s">2019-10-18</subfield>
    <subfield code="u">INCOME TAX</subfield>
    <subfield code="w">2017-06-01</subfield>
    <subfield code="y">02</subfield>
  </datafield>
  <datafield tag="952" ind1=" " ind2=" ">
    <subfield code="0">0</subfield>
    <subfield code="1">0</subfield>
    <subfield code="2">ddc</subfield>
    <subfield code="4">0</subfield>
    <subfield code="7">0</subfield>
    <subfield code="a">01</subfield>
    <subfield code="b">01</subfield>
    <subfield code="d">2017-06-01</subfield>
    <subfield code="p">01-B-64333</subfield>
    <subfield code="r">2017-06-01</subfield>
    <subfield code="u">INCOME TAX</subfield>
    <subfield code="w">2017-06-01</subfield>
    <subfield code="y">02</subfield>
  </datafield>
  <datafield tag="952" ind1=" " ind2=" ">
    <subfield code="0">0</subfield>
    <subfield code="1">0</subfield>
    <subfield code="2">ddc</subfield>
    <subfield code="4">0</subfield>
    <subfield code="7">0</subfield>
    <subfield code="a">01</subfield>
    <subfield code="b">01</subfield>
    <subfield code="d">2017-06-01</subfield>
    <subfield code="p">01-B-64334</subfield>
    <subfield code="r">2017-06-01</subfield>
    <subfield code="u">INCOME TAX</subfield>
    <subfield code="w">2017-06-01</subfield>
    <subfield code="y">02</subfield>
  </datafield>
  <datafield tag="952" ind1=" " ind2=" ">
    <subfield code="0">0</subfield>
    <subfield code="1">0</subfield>
    <subfield code="2">ddc</subfield>
    <subfield code="4">0</subfield>
    <subfield code="7">0</subfield>
    <subfield code="a">01</subfield>
    <subfield code="b">01</subfield>
    <subfield code="d">2017-06-01</subfield>
    <subfield code="l">1</subfield>
    <subfield code="p">01-B-64335</subfield>
    <subfield code="r">2020-01-09</subfield>
    <subfield code="s">2019-10-31</subfield>
    <subfield code="u">INCOME TAX</subfield>
    <subfield code="w">2017-06-01</subfield>
    <subfield code="y">02</subfield>
  </datafield>
  <datafield tag="952" ind1=" " ind2=" ">
    <subfield code="0">0</subfield>
    <subfield code="1">0</subfield>
    <subfield code="2">ddc</subfield>
    <subfield code="4">0</subfield>
    <subfield code="7">0</subfield>
    <subfield code="a">01</subfield>
    <subfield code="b">01</subfield>
    <subfield code="d">2017-06-01</subfield>
    <subfield code="p">01-B-64336</subfield>
    <subfield code="r">2017-06-01</subfield>
    <subfield code="u">INCOME TAX</subfield>
    <subfield code="w">2017-06-01</subfield>
    <subfield code="y">02</subfield>
  </datafield>
  <datafield tag="952" ind1=" " ind2=" ">
    <subfield code="0">0</subfield>
    <subfield code="1">0</subfield>
    <subfield code="2">ddc</subfield>
    <subfield code="4">0</subfield>
    <subfield code="7">0</subfield>
    <subfield code="a">01</subfield>
    <subfield code="b">01</subfield>
    <subfield code="d">2017-06-01</subfield>
    <subfield code="l">1</subfield>
    <subfield code="p">01-B-64337</subfield>
    <subfield code="r">2020-01-08</subfield>
    <subfield code="s">2019-10-15</subfield>
    <subfield code="u">INCOME TAX</subfield>
    <subfield code="w">2017-06-01</subfield>
    <subfield code="y">02</subfield>
  </datafield>
  <datafield tag="952" ind1=" " ind2=" ">
    <subfield code="0">0</subfield>
    <subfield code="1">0</subfield>
    <subfield code="2">ddc</subfield>
    <subfield code="4">0</subfield>
    <subfield code="7">0</subfield>
    <subfield code="a">01</subfield>
    <subfield code="b">01</subfield>
    <subfield code="d">2017-06-01</subfield>
    <subfield code="l">1</subfield>
    <subfield code="p">01-B-64338</subfield>
    <subfield code="r">2020-01-08</subfield>
    <subfield code="s">2019-12-05</subfield>
    <subfield code="u">INCOME TAX</subfield>
    <subfield code="w">2017-06-01</subfield>
    <subfield code="y">02</subfield>
  </datafield>
  <datafield tag="952" ind1=" " ind2=" ">
    <subfield code="0">0</subfield>
    <subfield code="1">0</subfield>
    <subfield code="2">ddc</subfield>
    <subfield code="4">0</subfield>
    <subfield code="7">0</subfield>
    <subfield code="a">01</subfield>
    <subfield code="b">01</subfield>
    <subfield code="d">2017-06-01</subfield>
    <subfield code="p">01-B-64339</subfield>
    <subfield code="r">2017-06-01</subfield>
    <subfield code="u">INCOME TAX</subfield>
    <subfield code="w">2017-06-01</subfield>
    <subfield code="y">02</subfield>
  </datafield>
  <datafield tag="952" ind1=" " ind2=" ">
    <subfield code="0">0</subfield>
    <subfield code="1">0</subfield>
    <subfield code="2">ddc</subfield>
    <subfield code="4">0</subfield>
    <subfield code="7">0</subfield>
    <subfield code="a">01</subfield>
    <subfield code="b">01</subfield>
    <subfield code="d">2017-06-01</subfield>
    <subfield code="p">01-B-64340</subfield>
    <subfield code="r">2017-06-01</subfield>
    <subfield code="u">INCOME TAX</subfield>
    <subfield code="w">2017-06-01</subfield>
    <subfield code="y">02</subfield>
  </datafield>
  <datafield tag="952" ind1=" " ind2=" ">
    <subfield code="0">0</subfield>
    <subfield code="1">0</subfield>
    <subfield code="2">ddc</subfield>
    <subfield code="4">0</subfield>
    <subfield code="7">0</subfield>
    <subfield code="a">01</subfield>
    <subfield code="b">01</subfield>
    <subfield code="d">2017-06-01</subfield>
    <subfield code="p">01-B-64341</subfield>
    <subfield code="r">2017-06-01</subfield>
    <subfield code="u">INCOME TAX</subfield>
    <subfield code="w">2017-06-01</subfield>
    <subfield code="y">02</subfield>
  </datafield>
  <datafield tag="952" ind1=" " ind2=" ">
    <subfield code="0">0</subfield>
    <subfield code="1">0</subfield>
    <subfield code="2">ddc</subfield>
    <subfield code="4">0</subfield>
    <subfield code="7">0</subfield>
    <subfield code="a">01</subfield>
    <subfield code="b">01</subfield>
    <subfield code="d">2017-06-01</subfield>
    <subfield code="l">1</subfield>
    <subfield code="p">01-B-64342</subfield>
    <subfield code="r">2020-01-08</subfield>
    <subfield code="s">2019-10-11</subfield>
    <subfield code="u">INCOME TAX</subfield>
    <subfield code="w">2017-06-01</subfield>
    <subfield code="y">02</subfield>
  </datafield>
</record>
